000
00215nam a2200085Ia 4500
008
120527s9999 xx 000 0 und d
100
_a
Westerman & Peterson
245
_a
Finanacial management and analysis
942
_c
BK
999
_c
27179
_d
27179